MARC

LEADER 00000nam0a2200000 4500
001 290995
005 20231101000232.0
020 |a RU  |b 83-57293ж 
035 |a (RuTPU)RU\TPU\book\315557 
090 |a 290995 
100 |a 20150410a1983 k y0rusy5003 ca 
101 0 |a rus 
102 |a RU 
105 |a a z 001zy 
200 1 |a Экономика и управление в металлургии  |f Московский государственный институт стали и сплавов (МИСиС) ; под ред. В. А. Роменца 
210 |a Москва  |c Металлургия  |d 1983 
215 |a 111 с.  |c ил. 
225 1 |a Научные труды [МИСиС]  |v № 152 
320 |a Библиография в конце статей 
606 1 |a Металлургические заводы  |x Экономика  |x Математические методы  |2 stltpush  |3 (RuTPU)RU\TPU\subj\42756 
610 1 |a управление 
610 1 |a технико-экономические исследования 
610 1 |a экономическая эффективность 
610 1 |a качество 
610 1 |a металлопродукция 
610 1 |a экономия материалов 
610 1 |a природоохранные мероприятия 
675 |a 669.013:658  |z rus  |v 3 
702 1 |a Роменец  |b В. А.  |g Владимир Андреевич  |4 340 
712 0 2 |a Московский государственный институт стали и сплавов (МИСиС)  |c (1962-2008)  |2 stltpush  |3 (RuTPU)RU\TPU\col\180 
801 0 |a RU  |b RuMRKP  |c 19950704  |g psbo 
801 1 |a RU  |b 63413507  |c 20150410 
801 2 |a RU  |b 63413507  |c 20181121  |g RCR 
942 |c BK